The benefits of blockchain technology for real and digital real estate (Record no. 121465)

MARC details
000 -LEADER
fixed length control field 01048ngm a2200157za 4500
007 - PHYSICAL DESCRIPTION FIXED FIELD--GENERAL INFORMATION
fixed length control field vz c| |k
008 - FIXED-LENGTH DATA ELEMENTS--GENERAL INFORMATION
fixed length control field 230412s2023 ||||||||o|||| 00| 0 eng d
041 ## - LANGUAGE CODE
Language code of text/sound track or separate title eng
245 ## - TITLE STATEMENT
Title The benefits of blockchain technology for real and digital real estate
Subtitle a YouTube Video
260 ## - PUBLICATION INFORMATION
Publisher Royal Institution of Chartered Surveyors,
Date 4 April 2023
520 ## - ABSTRACT
Abstract How can the real estate sector benefit from blockchain technology? How do we build trust in blockchain technology across the real estate sector? Why do people buy digital land? How can risk be minimised when investing in the digital real estate sector? What is the metaverse and how does it connect to the real world? Joel Coren and William Polisano speak with Andrew Knight as they discuss the benefits of blockchain technology for real and digital real estate markets.
650 ## - KEYWORDS
Keywords BLOCKCHAIN
650 ## - KEYWORDS
Keywords PROPTECH
651 ## - SUBJECT ADDED ENTRY--GEOGRAPHIC NAME
Geographic name International
856 ## - ONLINE RESOURCE
Uniform Resource Identifier https://www.rics.org/news-insights/the-benefits-of-blockchain-technology-for-real-and-digital-real-
Public note View the YouTube video here
Holdings
Withdrawn status Lost status Damaged status Koha normalized classification for sorting Not for loan Home library Current library Shelving location Date acquired Total Checkouts Full call number Date last seen Price effective from Koha item type
      YOUTUBE_VIDEO   Virtual Virtual Online 12/04/2023   YouTube video 12/04/2023 12/04/2023 Online material